Premier League: 100+ Matches (2000-) - Statistics

General Stats
  • This quiz has been taken 29 times
  • The average score is 417 of 909
Answer Stats
Ranking Player Positions Nationality Matches Goals (assists) Periods Clubs % Correct
4 Frank Lampard MF 491 160 (94) 2000-2015
100%
631 José Sá GK 137 0 (2) 2021-2025
100%
13 Petr Čech GK 443 0 (2) 2004-2019
100%
5 Wayne Rooney MF, FW 491 208 (102) 2002-2018
100%
171 Bernardo Silva MF, FW 266 43 (46) 2017-2025
95%
666 Billy Jones DF 131 3 (4) 2011-2017
95%
353 Bruno Fernandes MF, FW 195 62 (51) 2019-2025
95%
87 Christian Eriksen MF, FW 310 55 (78) 2013-2019, 2021-2025
95%
745 Curtis Jones DF, MF 119 10 (8) 2019-2025
95%
21 David de Gea GK 415 0 (0) 2011-2023
95%
799 David Jones MF 112 3 (3) 2007-2008, 2009-2012, 2014-2015, 2016-2017
95%
89 David Silva MF, FW 309 60 (93) 2010-2020
95%
720 Dean Henderson GK 123 0 (0) 2019-2020, 2022-2025
95%
455 Gilberto Silva DF, MF 170 17 (11) 2002-2008
95%
78 Harry Kane FW 320 213 (44) 2012-2023
95%
49 Hugo Lloris GK 361 0 (0) 2012-2023
95%
1 James Milner DF, MF 638 55 (89) 2002-2025
95%
6 John Terry DF 486 41 (12) 2000-2017
95%
16 Jordan Henderson MF 431 33 (54) 2008-2023
95%
72 Jordan Pickford GK 324 0 (2) 2015-2025
95%
125 Kasper Schmeichel GK 284 0 (0) 2007-2008, 2014-2022
95%
358 Kenwyne Jones FW 195 40 (14) 2004-2005, 2007-2014
95%
24 Kyle Walker DF, MF 410 8 (36) 2009-2025
95%
725 Leroy Fer MF 123 16 (8) 2013-2018
95%
816 Paul Jones GK 111 0 (0) 2000-2004
95%
317 Phil Jones DF, MF 204 2 (6) 2009-2019, 2021-2022
95%
36 Ryan Giggs MF, FW 382 55 (101) 2000-2014
95%
181 Sadio Mané MF, FW 263 111 (38) 2014-2022
95%
797 Thiago Silva DF 113 8 (3) 2020-2024
95%
174 Adam Johnson MF 265 32 (30) 2005-2016
90%
386 Andrew Johnson FW 187 51 (17) 2004-2005, 2006-2013
90%
372 Andy Cole FW 191 64 (30) 2000-2008
90%
35 Ashley Cole DF 384 15 (31) 2000-2014
90%
7 Ashley Young DF, FW 485 50 (74) 2006-2019, 2021-2025
90%
897 Bradley Johnson DF, MF 101 6 (8) 2011-2013, 2015-2016
90%
852 Brennan Johnson MF, FW 106 24 (16) 2022-2025
90%
118 Carlton Cole FW 289 52 (23) 2001-2010, 2012-2015
90%
308 Charlie Adam MF 207 34 (25) 2010-2018
90%
239 Cristiano Ronaldo MF, FW 236 103 (37) 2003-2008, 2021-2023
90%
518 Damien Johnson MF 157 3 (7) 2001-2005, 2007-2008, 2009-2010
90%
48 Danny Welbeck MF, FW 363 77 (32) 2008-2025
90%
196 Didier Drogba FW 254 104 (55) 2004-2011, 2014-2015
90%
213 Eden Hazard MF, FW 245 85 (54) 2012-2019
90%
50 Glen Johnson DF 358 15 (28) 2002-2018
90%
275 İlkay Gündoğan MF 221 45 (22) 2016-2022, 2024-2025
90%
55 Joe Cole MF 348 45 (35) 2000-2010, 2012-2015
90%
34 Jonny Evans DF 386 14 (14) 2007-2025
90%
692 Karl Henry DF, MF 127 0 (2) 2009-2011, 2014-2015
90%
122 Kevin De Bruyne MF, FW 288 72 (118) 2013-2014, 2015-2025
90%
886 Luis Díaz MF, FW 103 29 (15) 2021-2025
90%
40 Łukasz Fabiański GK 376 0 (1) 2007-2010, 2012-2025
90%
58 Luke Young DF 343 9 (8) 2000-2012
90%
103 Mohamed Salah MF, FW 301 186 (87) 2013-2014, 2017-2025
90%
62 Paul Scholes MF 339 66 (35) 2000-2013
90%
610 Pierre-Emerick Aubameyang MF, FW 143 69 (16) 2017-2023
90%
30 Raheem Sterling MF, FW 396 123 (66) 2011-2025
90%
850 Roger Johnson DF 107 2 (3) 2009-2011, 2013-2014
90%
65 Son Heung-min MF, FW 333 127 (71) 2015-2025
90%
229 Stephen Carr DF 241 5 (8) 2000-2001, 2002-2007, 2009-2011
90%
11 Steven Gerrard MF 463 119 (89) 2000-2015
90%
265 Thierry Henry FW 227 158 (66) 2000-2006, 2011-2012
90%
104 Virgil van Dijk DF 301 25 (8) 2015-2025
90%
96 Wilfried Zaha MF, FW 305 68 (28) 2013-2023
90%
68 Willian MF, FW 327 47 (45) 2013-2020, 2022-2025
90%
241 Alex Oxlade-Chamberlain MF, FW 235 20 (24) 2011-2023
86%
91 Andrew Robertson DF, MF 308 11 (60) 2014-2015, 2016-2025
86%
285 Anton Ferdinand DF 218 4 (6) 2005-2013
86%
69 Antonio Valencia DF, MF 325 24 (47) 2006-2019
86%
53 Cesc Fàbregas MF, FW 350 50 (111) 2004-2010, 2014-2019
86%
854 Daniel James MF, FW 106 12 (12) 2019-2023
86%
151 Darren Bent FW 276 106 (15) 2001-2002, 2005-2015
86%
66 David James GK 329 0 (0) 2000-2010
86%
376 Diogo Jota MF, FW 190 63 (20) 2018-2025
86%
84 Edwin van der Sar GK 313 0 (1) 2001-2011
86%
337 Federico Fernández DF 199 4 (7) 2014-2022
86%
298 Fernando Torres FW 212 85 (29) 2007-2014
86%
258 Gabriel Jesus FW 229 76 (40) 2016-2025
86%
31 Gary Cahill DF 394 28 (12) 2005-2021
86%
79 Gylfi Sigurðsson MF, FW 318 67 (50) 2011-2021
86%
59 Jamie Vardy FW 342 145 (47) 2014-2022, 2024-2025
86%
276 Jason Roberts FW 221 36 (21) 2002-2003, 2005-2013
86%
76 John Arne Riise DF, MF 321 21 (30) 2001-2007, 2011-2014
86%
12 John O'Shea DF, MF 445 13 (13) 2001-2017
86%
51 Kolo Touré DF 353 12 (10) 2002-2016
86%
561 Laurent Robert MF, FW 150 23 (32) 2001-2005, 2007-2008
86%
749 Les Ferdinand FW 119 36 (7) 2000-2005
86%
340 Marcus Bent FW 199 35 (13) 2001-2002, 2003-2007, 2010-2011
86%
303 Nemanja Vidić DF 211 15 (3) 2005-2014
86%
277 Nick Pope GK 221 0 (0) 2017-2018, 2019-2025
86%
402 Ollie Watkins FW 184 75 (34) 2020-2025
86%
695 Reece James DF, MF 127 8 (17) 2019-2025
86%
33 Rio Ferdinand DF 389 9 (7) 2000-2015
86%
193 Roberto Firmino MF, FW 256 82 (50) 2015-2023
86%
147 Romelu Lukaku FW 278 121 (35) 2011-2018, 2021-2022
86%
604 Rúben Dias DF, MF 144 3 (4) 2020-2025
86%
705 Russell Martin DF 125 8 (1) 2011-2013, 2015-2016
86%
46 Séamus Coleman DF, MF 369 22 (24) 2009-2025
86%
154 Sergio Agüero FW 275 184 (48) 2011-2021
86%
818 Steve Stone MF 111 8 (12) 2000-2001, 2003-2005
86%
29 Theo Walcott MF, FW 397 80 (56) 2006-2023
86%
266 Tim Cahill MF, FW 226 56 (22) 2004-2012
86%
187 Trent Alexander-Arnold DF 259 18 (64) 2016-2025
86%
255 Yaya Touré MF 230 59 (33) 2010-2018
86%
243 Adam Smith DF, MF 234 5 (13) 2011-2012, 2015-2019, 2022-2025
81%
237 Alan Smith MF, FW 237 34 (25) 2000-2008, 2010-2012
81%
529 Alexis Sánchez MF, FW 154 63 (31) 2014-2019
81%
256 Alisson GK 229 1 (3) 2018-2025
81%
83 Ben Davies DF, MF 313 10 (19) 2012-2025
81%
500 Ben White DF, MF 160 6 (11) 2020-2025
81%
294 Bernd Leno GK 213 0 (1) 2018-2025
81%
232 Callum Wilson FW 239 88 (23) 2015-2025
81%
54 César Azpilicueta DF, MF 349 10 (35) 2012-2023
81%
133 Christian Benteke FW 280 86 (22) 2012-2022
81%
444 Curtis Davies DF 172 7 (4) 2005-2006, 2007-2010, 2013-2014, 2016-2017
81%
287 Daniel Sturridge MF, FW 218 76 (21) 2006-2019
81%
608 Davinson Sánchez DF 143 3 (1) 2017-2024
81%
149 Declan Rice MF 277 21 (24) 2016-2025
81%
257 Dimitar Berbatov FW 229 94 (40) 2006-2014
81%
152 Ederson GK 276 0 (7) 2017-2025
81%
166 Harry Maguire DF 268 14 (9) 2014-2015, 2016-2025
81%
742 Harry Wilson MF, FW 120 19 (10) 2019-2020, 2022-2025
81%
20 Jamie Carragher DF, MF 416 1 (12) 2000-2013
81%
3 Jermain Defoe FW 496 163 (33) 2000-2019
81%
320 John McGinn MF, FW 203 17 (23) 2019-2025
81%
206 John Stones DF, MF 248 11 (2) 2013-2025
81%
667 Jordi Gómez MF 131 14 (3) 2009-2012, 2014-2016
81%
144 Juan Mata MF, FW 278 52 (54) 2011-2022
81%
42 Kevin Davies FW 375 72 (48) 2000-2012
81%
824 Luis Suárez FW 110 69 (23) 2010-2014
81%
411 Marc Wilson DF, MF 181 1 (3) 2008-2017
81%
505 Mason Mount MF, FW 160 29 (22) 2019-2025
81%
401 Mesut Özil MF, FW 184 33 (55) 2013-2020
81%
8 Michael Carrick MF 473 22 (38) 2000-2002, 2004-2018
81%
126 Mikel Arteta MF 284 42 (42) 2004-2016
81%
586 Nani MF, FW 147 25 (43) 2007-2015
81%
242 Nathan Aké DF, MF 235 18 (7) 2012-2025
81%
201 Nemanja Matić MF 251 6 (23) 2009-2010, 2013-2022
81%
195 Olivier Giroud FW 255 90 (29) 2012-2021
81%
109 Pepe Reina GK 297 0 (4) 2005-2012, 2019-2020
81%
10 Peter Crouch FW 468 106 (58) 2001-2019
81%
648 Robert Sánchez GK 135 0 (0) 2020-2025
81%
564 Ruud van Nistelrooy FW 150 95 (14) 2001-2006
81%
425 Scott McTominay MF, FW 178 19 (4) 2016-2025
81%
105 Simon Davies MF 300 27 (35) 2000-2012
81%
28 Tim Howard GK 399 1 (3) 2003-2016
81%
182 Aaron Ramsey MF 262 40 (45) 2008-2019
76%
207 Adama Traoré DF, MF, FW 247 14 (25) 2015-2016, 2018-2025
76%
512 Alexandre Lacazette FW 158 54 (25) 2017-2022
76%
304 Anthony Martial MF, FW 209 63 (27) 2015-2024
76%
354 Bukayo Saka DF, MF, FW 195 53 (45) 2018-2025
76%
296 David Luiz DF, MF 213 14 (7) 2010-2013, 2016-2021
76%
801 Djimi Traoré DF 112 0 (1) 2000-2001, 2002-2008
76%
433 Douglas Luiz MF 175 20 (18) 2019-2024
76%
156 Eric Dier DF, MF 274 12 (10) 2014-2024
76%
178 Fernandinho DF, MF 264 20 (19) 2013-2022
76%
338 Freddie Ljungberg MF, FW 199 41 (27) 2000-2008
76%
2 Gareth Barry MF 589 50 (61) 2000-2018
76%
289 Georginio Wijnaldum MF 217 27 (15) 2015-2021
76%
269 Granit Xhaka DF, MF 225 17 (24) 2016-2023
76%
640 Jacob Ramsey MF, FW 136 14 (12) 2020-2025
76%
567 Joe Gomez DF 149 0 (5) 2015-2016, 2017-2025
76%
560 Joël Matip DF, MF 150 9 (5) 2016-2024
76%
90 Joel Ward DF, MF 309 5 (7) 2009-2010, 2013-2025
76%
189 Luke Shaw DF, MF 258 3 (17) 2012-2025
76%
108 Marcus Rashford MF, FW 297 89 (42) 2015-2025
76%
223 Martin Škrtel DF 242 16 (5) 2007-2016
76%
167 Michail Antonio MF, FW 268 68 (33) 2015-2025
76%
106 Nicolas Anelka FW 299 102 (36) 2001-2004, 2006-2011, 2013-2014
76%
599 Oleksandr Zinchenko DF, MF 145 2 (12) 2017-2025
76%
370 Phil Foden MF, FW 192 61 (29) 2017-2025
76%
221 Richarlison MF, FW 243 64 (24) 2017-2025
76%
127 Riyad Mahrez MF, FW 284 82 (62) 2014-2023
76%
75 Robert Huth DF 322 21 (6) 2001-2017
76%
136 Robin van Persie FW 280 144 (53) 2004-2015
76%
439 Rodri MF 175 22 (21) 2019-2025
76%
453 Stephen Ward DF, FW 171 6 (5) 2009-2011, 2014-2015, 2016-2019
76%
336 Toby Alderweireld DF 200 9 (4) 2014-2021
76%
489 Tom Davies MF 164 6 (5) 2015-2024
76%
474 Alexis Mac Allister MF, FW 166 26 (15) 2019-2025
71%
900 André Gomes MF 100 2 (4) 2018-2021, 2023-2024
71%
169 Bacary Sagna DF 267 4 (19) 2007-2017
71%
155 Branislav Ivanović DF 274 22 (20) 2008-2016, 2020-2021
71%
710 Che Adams FW 124 25 (13) 2019-2023
71%
180 Chris Wood FW 263 89 (11) 2008-2009, 2010-2011, 2014-2015, 2017-2025
71%
800 Diego Costa FW 112 53 (16) 2014-2016, 2022-2023
71%
349 Emiliano Martínez GK 196 0 (0) 2014-2015, 2016-2017, 2019-2025
71%
356 Fabian Schär DF 195 18 (7) 2018-2025
71%
496 Gabriel Martinelli MF, FW 161 40 (20) 2019-2025
71%
70 Gaël Clichy DF 325 3 (18) 2003-2017
71%
476 Gareth Bale MF, FW 166 53 (22) 2007-2012, 2020-2021
71%
259 Gary Neville DF 229 3 (18) 2000-2006, 2008-2011
71%
357 Heurelho Gomes GK 195 0 (0) 2008-2010, 2015-2018
71%
408 Jack Wilshere MF 182 8 (18) 2008-2010, 2012-2020
71%
271 James Maddison MF, FW 222 56 (48) 2018-2025
71%
248 Jan Vertonghen DF 232 6 (4) 2012-2020
71%
514 Javier Hernández FW 158 53 (10) 2010-2015, 2017-2020
71%
578 Jens Lehmann GK 148 0 (1) 2003-2007, 2010-2011
71%
61 Joe Hart GK 340 0 (1) 2006-2015, 2017-2019
71%
351 Jorginho MF 196 21 (8) 2018-2025
71%
194 Laurent Koscielny DF 255 22 (2) 2010-2019
71%
307 Leandro Trossard MF, FW 208 46 (31) 2019-2025
71%
693 Luka Modrić MF 127 13 (15) 2008-2012
71%
419 Marcos Alonso DF, MF 179 26 (16) 2010-2011, 2013-2014, 2016-2022
71%
22 Mark Noble MF 414 47 (35) 2005-2010, 2012-2022
71%
185 Marouane Fellaini MF 260 37 (16) 2008-2019
71%
545 Martin Ødegaard MF, FW 152 34 (31) 2020-2025
71%
321 Mateo Kovačić MF 203 11 (15) 2018-2025
71%
442 Michael Brown MF 173 4 (9) 2003-2010
71%
467 Michael Essien DF, MF 168 17 (10) 2005-2011, 2013-2014
71%
198 Michael Keane DF 253 16 (10) 2014-2015, 2016-2025
71%
101 Pablo Zabaleta DF, MF 303 9 (21) 2008-2020
71%
146 Patrice Evra DF 278 7 (21) 2005-2013, 2017-2018
71%
43 Phil Neville DF, MF 374 8 (17) 2000-2013
71%
843 Richard Wright GK 108 0 (1) 2000-2007
71%
80 Robbie Keane FW 318 114 (33) 2000-2012
71%
619 Roy Keane MF 141 9 (18) 2000-2006
71%
279 Samir Nasri MF, FW 220 36 (39) 2008-2016, 2018-2019
71%
215 Simon Mignolet GK 245 0 (0) 2010-2018
71%
366 Victor Lindelöf DF 194 4 (5) 2017-2025
71%
177 Vincent Kompany DF 265 18 (7) 2008-2019
71%
114 Wes Brown DF 292 4 (9) 2000-2011, 2013-2016
71%
612 Xabi Alonso MF 143 14 (17) 2004-2009
71%
284 Youri Tielemans MF, FW 219 26 (33) 2018-2025
71%
93 Adam Lallana MF, FW 305 33 (33) 2012-2025
67%
773 Andre Gray FW 115 23 (7) 2016-2020
67%
557 Anthony Gordon MF, FW 150 25 (18) 2019-2025
67%
635 Antonee Robinson DF 136 0 (17) 2020-2021, 2022-2025
67%
192 Asmir Begović GK 256 1 (0) 2008-2018, 2021-2023
67%
270 Ayoze Pérez MF, FW 223 45 (18) 2014-2015, 2017-2023
67%
32 Ben Foster GK 390 0 (1) 2006-2019, 2021-2022
67%
708 Bruno Guimarães MF 124 21 (20) 2021-2025
67%
323 Carlos Tevez MF, FW 202 84 (36) 2006-2013
67%
112 Craig Bellamy FW 294 81 (31) 2000-2009, 2011-2012, 2013-2014
67%
99 Craig Dawson DF 303 21 (5) 2011-2017, 2019-2025
67%
60 Darren Fletcher MF 341 23 (27) 2003-2018
67%
867 Dean Richards DF 105 5 (2) 2000-2004
67%
331 Demarai Gray MF, FW 200 19 (14) 2015-2023
67%
495 Dominic Solanke MF, FW 161 38 (16) 2017-2019, 2022-2025
67%
222 Emmanuel Adebayor FW 242 97 (36) 2005-2016
67%
551 Fabinho DF, MF 151 8 (8) 2018-2023
67%
624 Fred MF 139 8 (7) 2018-2023
67%
260 Idrissa Gana Gueye MF 229 7 (9) 2015-2018, 2022-2025
67%
378 Jack Grealish MF, FW 190 27 (29) 2013-2015, 2019-2025
67%
26 James Ward-Prowse DF, MF 404 57 (47) 2012-2025
67%
671 Jean-Philippe Mateta FW 130 38 (8) 2020-2025
67%
352 Kelechi Iheanacho MF, FW 196 42 (25) 2015-2023
67%
316 Kieran Trippier DF, MF 204 6 (38) 2014-2018, 2021-2025
67%
210 Kurt Zouma DF 247 15 (3) 2014-2024
67%
18 Leighton Baines DF 420 32 (53) 2005-2020
67%
544 Lucas Moura MF, FW 152 20 (15) 2017-2023
67%
581 Matty Cash DF 148 7 (9) 2020-2025
67%
322 Micah Richards DF 203 8 (10) 2005-2013, 2015-2016
67%
124 Michael Dawson DF 286 11 (5) 2004-2014, 2016-2017
67%
471 Michael Gray DF, MF 167 2 (5) 2000-2007
67%
253 Michael Owen FW 231 102 (13) 2000-2003, 2005-2013
67%
219 Mousa Dembélé MF 243 12 (12) 2010-2019
67%
45 Paul Robinson GK 370 1 (5) 2000-2001, 2002-2011, 2016-2017
67%
438 Paul Robinson DF 175 1 (6) 2004-2005, 2008-2012
67%
633 Pedro MF, FW 137 29 (17) 2015-2020
67%
592 Pedro Neto MF, FW 146 15 (25) 2019-2025
67%
523 Per Mertesacker DF 156 6 (1) 2011-2018
67%
369 Philippe Coutinho MF, FW 193 47 (39) 2012-2017, 2021-2024
67%
197 Pierre Højbjerg MF 254 12 (15) 2016-2024
67%
347 Raúl Jiménez FW 197 59 (21) 2018-2025
67%
647 Ricardo Carvalho DF 135 7 (4) 2004-2010
67%
170 Robert Green GK 267 0 (0) 2004-2005, 2006-2010, 2012-2013, 2014-2015
67%
128 Ross Barkley MF, FW 284 37 (33) 2011-2021, 2023-2025
67%
38 Shay Given GK 380 0 (0) 2000-2009, 2011-2012, 2014-2017
67%
380 Steven Fletcher FW 190 53 (12) 2009-2016
67%
273 Tim Krul GK 222 0 (1) 2010-2015, 2019-2020, 2021-2022
67%
364 Tomáš Souček MF 194 36 (8) 2019-2025
67%
225 Tom Cleverley MF 242 15 (15) 2010-2019, 2021-2022
67%
459 Wes Morgan DF 170 8 (2) 2014-2021
67%
77 William Gallas DF 321 25 (3) 2001-2013
67%
909 William Saliba DF 100 6 (2) 2022-2025
67%
403 Aaron Ramsdale GK 183 0 (1) 2019-2025
62%
305 Aaron Wan-Bissaka DF 208 4 (18) 2017-2025
62%
382 Alan Shearer FW 188 84 (18) 2000-2006
62%
115 Alex Iwobi MF, FW 291 31 (36) 2015-2025
62%
542 Alex McCarthy GK 152 0 (0) 2012-2013, 2014-2015, 2017-2022, 2024-2025
62%
888 André Ayew MF, FW 102 21 (9) 2015-2017, 2022-2023
62%
204 Andy Carroll FW 248 54 (22) 2006-2008, 2010-2021
62%
227 Ashley Williams DF 241 6 (5) 2011-2018
62%
740 Benni McCarthy FW 120 37 (6) 2006-2011
62%
282 Chris Smalling DF 219 12 (1) 2008-2019
62%
286 Clint Dempsey MF, FW 218 57 (19) 2006-2014
62%
63 Damien Duff MF, FW 337 49 (51) 2001-2014
62%
309 Dan Burn DF 207 6 (4) 2013-2014, 2019-2025
62%
230 Danny Ings FW 240 72 (23) 2014-2015, 2017-2025
62%
39 Danny Murphy MF 377 48 (52) 2000-2012
62%
661 David Raya GK 132 0 (0) 2021-2025
62%
492 Dejan Lovren DF 162 7 (4) 2013-2020
62%
306 Dirk Kuyt DF, MF, FW 208 51 (27) 2006-2012
62%
689 Divock Origi MF, FW 127 22 (7) 2015-2021, 2023-2024
62%
662 Dwight Yorke MF, FW 132 25 (9) 2000-2004, 2007-2009
62%
590 Eberechi Eze MF, FW 146 34 (23) 2020-2025
62%
301 Eiður Guðjohnsen MF, FW 211 55 (28) 2000-2005, 2009-2011
62%
218 El Hadji Diouf MF, FW 243 28 (25) 2002-2011
62%
777 Emre Can DF, MF 115 10 (6) 2014-2018
62%
558 Fraizer Campbell FW 150 18 (7) 2007-2017
62%
405 Héctor Bellerín DF, MF 183 8 (20) 2014-2021
62%
392 Jacob Murphy DF, MF, FW 185 19 (28) 2017-2018, 2020-2025
62%
159 James McCarthy MF 272 13 (12) 2009-2021
62%
100 James Tarkowski DF 303 10 (8) 2016-2025
62%
333 Jarrod Bowen MF, FW 200 56 (38) 2016-2017, 2019-2025
62%
339 Joe Allen MF 199 16 (11) 2011-2018
62%
203 John Obi Mikel MF 249 1 (10) 2006-2016
62%
94 Jordan Ayew MF, FW 305 42 (24) 2015-2025
62%
554 Kai Havertz MF, FW 151 41 (17) 2020-2025
62%
522 Kevin Campbell FW 156 30 (9) 2000-2006
62%
263 Kevin Phillips FW 227 63 (20) 2000-2005, 2009-2010, 2013-2014
62%
415 Kieran Gibbs DF, MF 180 2 (9) 2008-2017, 2020-2021
62%
145 Louis Saha FW 278 84 (19) 2001-2013
62%
272 Lucas Digne DF, MF 222 6 (29) 2018-2025
62%
533 Mame Biram Diouf DF, MF, FW 154 27 (9) 2009-2010, 2014-2018
62%
399 Marko Arnautović MF, FW 184 43 (33) 2013-2019
62%
15 Mark Schwarzer GK 436 0 (1) 2000-2015
62%
494 Martin Dúbravka GK 162 0 (0) 2017-2025
62%
614 Matt Phillips DF, MF, FW 142 12 (23) 2010-2011, 2014-2015, 2016-2017, 2020-2021
62%
872 Michael Ballack MF 105 16 (10) 2006-2010
62%
111 Moussa Sissoko MF, FW 295 16 (25) 2012-2022
62%
388 Nacho Monreal DF 187 7 (13) 2012-2020
62%
168 Nathaniel Clyne DF 268 4 (12) 2012-2018, 2020-2025
62%
873 Neco Williams DF 105 2 (5) 2019-2025
62%
264 N'Golo Kanté MF 227 12 (17) 2015-2023
62%
668 Oscar MF, FW 131 21 (19) 2012-2017
62%
262 Pascal Groß DF, MF, FW 228 30 (45) 2017-2024
62%
421 Patrick Vieira MF 179 22 (20) 2000-2004, 2009-2011
62%
41 Phil Jagielka DF, MF 376 18 (9) 2006-2021
62%
342 Robert Pirès MF, FW 198 62 (41) 2000-2005, 2010-2011
62%
137 Sami Hyypiä DF 280 20 (6) 2000-2009
62%
165 Sol Campbell DF, FW 269 12 (6) 2000-2011
62%
458 Tomáš Rosický MF 170 19 (15) 2006-2007, 2009-2015
62%
280 Victor Moses DF, MF, FW 220 20 (18) 2009-2019
62%
538 Victor Wanyama MF 154 10 (3) 2013-2020
62%
588 Vladimír Coufal DF 147 0 (19) 2020-2025
62%
665 Wojciech Szczęsny GK 132 0 (0) 2010-2015
62%
23 Aaron Hughes DF 410 3 (11) 2000-2014
57%
480 Aleksandar Kolarov DF 165 11 (21) 2010-2017
57%
862 Anderson MF 105 5 (6) 2007-2015
57%
330 Ashley Barnes MF, FW 200 42 (6) 2014-2015, 2016-2022
57%
682 Bryan Hughes MF 128 10 (6) 2002-2006, 2008-2009
57%
432 Daniel Agger DF 175 9 (6) 2005-2014
57%
583 Danny Collins DF 147 3 (4) 2005-2006, 2007-2011
57%
361 Dele Alli MF, FW 194 51 (34) 2015-2023
57%
464 Dennis Bergkamp FW 168 30 (44) 2000-2006
57%
821 Djibril Cissé FW 110 32 (2) 2004-2005, 2008-2009, 2011-2013
57%
670 Edin Džeko FW 130 50 (11) 2010-2015
57%
37 Emile Heskey FW 380 74 (35) 2000-2012
57%
427 Érik Lamela MF, FW 177 17 (25) 2013-2021
57%
345 Ezri Konsa DF 197 8 (2) 2019-2025
57%
527 Fraser Forster GK 155 0 (0) 2014-2018, 2020-2022, 2024-2025
57%
74 Gabriel Agbonlahor MF, FW 322 74 (34) 2005-2016
57%
503 Gabriel Magalhães DF 160 17 (1) 2020-2025
57%
332 Harvey Barnes MF, FW 200 49 (32) 2017-2025
57%
138 James Collins DF 279 11 (1) 2005-2018
57%
393 Joelinton MF, FW 185 22 (10) 2019-2025
57%
121 Joleon Lescott DF 288 23 (9) 2006-2017
57%
143 Jonjo Shelvey MF 278 23 (27) 2010-2015, 2017-2023
57%
315 Joshua King MF, FW 204 53 (17) 2015-2022
57%
14 Jussi Jääskeläinen GK 436 0 (3) 2001-2015
57%
179 Ledley King DF, MF 264 10 (8) 2000-2012
57%
211 Lucas Leiva MF 247 1 (13) 2007-2017
57%
779 Nathan Collins DF 115 5 (4) 2021-2025
57%
642 Nicolás Otamendi DF 136 8 (0) 2015-2020
57%
254 Nwankwo Kanu FW 230 36 (23) 2000-2010
57%
761 Papiss Cissé FW 117 37 (6) 2011-2016
57%
541 Park Ji-sung MF 153 20 (21) 2005-2013
57%
789 Richard Hughes MF 114 0 (0) 2003-2010
57%
416 Robbie Fowler FW 180 54 (16) 2000-2006, 2008-2009
57%
120 Rory Delap MF 289 15 (14) 2000-2005, 2008-2013
57%
9 Sylvain Distin DF 469 7 (6) 2001-2016
57%
701 Thibaut Courtois GK 126 0 (0) 2014-2018
57%
828 Thomas Vermaelen DF 110 13 (4) 2009-2014
57%
447 Tyrone Mings DF 172 6 (9) 2015-2025
57%
281 Wilfred Ndidi DF, MF 220 7 (14) 2016-2022, 2024-2025
57%
407 Will Hughes MF 183 6 (14) 2017-2019, 2021-2025
57%
367 Yossi Benayoun MF 194 31 (22) 2005-2013
57%
375 Alexandre Song DF, MF 190 7 (18) 2005-2011, 2014-2016
52%
327 Angelo Ogbonna DF 201 8 (1) 2015-2024
52%
656 Antonio Rüdiger DF 133 9 (1) 2017-2022
52%
426 Ben Chilwell DF, MF 177 13 (18) 2016-2025
52%
148 Ben Mee DF 277 14 (5) 2014-2015, 2016-2025
52%
17 Brad Friedel GK 425 1 (0) 2001-2014
52%
636 Bryan Mbeumo FW 136 42 (28) 2021-2025
52%
766 Christian Fuchs DF, MF 116 2 (8) 2015-2021
52%
729 Christian Nørgaard MF 122 11 (12) 2021-2025
52%
290 Ciaran Clark DF, MF 214 15 (6) 2009-2015, 2017-2022
52%
238 David Dunn MF 237 36 (21) 2001-2012
52%
623 Diogo Dalot DF 139 3 (10) 2018-2019, 2021-2025
52%
783 Emile Smith Rowe MF, FW 114 18 (12) 2019-2025
52%
313 Fabian Delph DF, MF 204 7 (8) 2009-2022
52%
566 Florent Malouda MF, FW 149 35 (20) 2007-2012
52%
855 Gary Kelly DF 106 0 (12) 2000-2004
52%
466 Harry Kewell MF, FW 168 36 (23) 2000-2008
52%
397 Jan Bednarek DF 184 9 (3) 2017-2022, 2024-2025
52%
188 Jay Rodriguez MF, FW 258 46 (17) 2012-2013, 2015-2017, 2019-2021, 2023-2024
52%
134 Jeffrey Schlupp DF, MF, FW 280 22 (14) 2014-2025
52%
409 Jesse Lingard MF, FW 182 29 (13) 2014-2023
52%
482 Joachim Andersen DF 165 4 (7) 2020-2025
52%
878 Kieran Tierney DF, MF, FW 104 4 (8) 2019-2022, 2024-2025
52%
580 Kyle Walker-Peters DF 148 2 (11) 2017-2022, 2024-2025
52%
534 Martin Kelly DF, MF 154 0 (5) 2009-2021
52%
424 Mathieu Flamini MF 178 10 (8) 2004-2007, 2013-2017
52%
391 Miguel Almirón MF, FW 186 23 (6) 2018-2025
52%
641 Nicklas Bendtner FW 136 32 (16) 2007-2011, 2013-2014
52%
235 Oriol Romeu MF 239 7 (3) 2011-2012, 2015-2023
52%
546 Pablo Fornals MF, FW 152 16 (13) 2019-2024
52%
56 Paul Konchesky DF, FW 345 9 (22) 2000-2010, 2014-2015
52%
519 Paul Pogba MF, FW 157 29 (38) 2011-2012, 2016-2022
52%
81 Ryan Shawcross DF 317 14 (9) 2008-2018
52%
472 Salomón Rondón FW 167 36 (15) 2015-2018, 2021-2023
52%
593 Scott Carson GK 146 0 (2) 2003-2004, 2006-2008, 2010-2011, 2020-2021
52%
47 Scott Parker MF 364 24 (20) 2000-2014
52%
326 Sean Davis MF 202 11 (15) 2001-2010
52%
131 Sebastian Larsson MF 282 26 (26) 2005-2006, 2007-2008, 2009-2017
52%
57 Shane Long FW 344 56 (24) 2006-2007, 2011-2022
52%
82 Shaun Wright-Phillips MF, FW 316 32 (35) 2000-2001, 2002-2012, 2014-2015
52%
620 Stephen Kelly DF 141 2 (0) 2003-2005, 2007-2013
52%
92 Steven Davis MF 306 17 (20) 2004-2007, 2012-2019
52%
672 Thomas Partey DF, MF 130 9 (5) 2020-2025
52%
158 Wayne Bridge DF 274 2 (19) 2000-2012
52%
389 Wayne Hennessey GK 187 0 (1) 2009-2011, 2013-2019, 2021-2023
52%
85 Aaron Cresswell DF, MF 312 10 (26) 2014-2025
48%
141 Abdoulaye Doucouré MF, FW 278 36 (23) 2016-2025
48%
707 Abou Diaby MF 124 14 (10) 2005-2014
48%
622 Adrián GK 139 0 (0) 2013-2017, 2019-2021
48%
839 Alexander Hleb MF 108 8 (12) 2005-2007, 2010-2011
48%
659 Ander Herrera MF 132 12 (16) 2014-2019
48%
574 Andreas Pereira MF, FW 148 11 (21) 2014-2015, 2018-2019, 2022-2025
48%
863 Andrey Arshavin MF, FW 105 23 (20) 2008-2013
48%
116 Andros Townsend MF, FW 291 26 (31) 2012-2021, 2023-2024
48%
792 Anthony Elanga MF, FW 113 14 (23) 2020-2025
48%
117 Cheikhou Kouyaté DF, MF 291 15 (11) 2014-2024
48%
902 Cristian Romero DF 100 7 (1) 2021-2025
48%
875 Danny Drinkwater MF 104 5 (9) 2014-2017, 2019-2020
48%
295 Danny Simpson DF 213 0 (1) 2007-2008, 2010-2012, 2014-2019
48%
767 Dejan Kulusevski MF, FW 116 22 (22) 2021-2025
48%
288 Dietmar Hamann MF 217 7 (19) 2000-2009
48%
233 Dominic Calvert-Lewin FW 239 57 (15) 2016-2025
48%
267 Dwight McNeil MF, FW 225 21 (32) 2018-2025
48%
302 Fabricio Coloccini DF, MF 211 4 (1) 2008-2009, 2010-2016
48%
833 Gianfranco Zola FW 109 26 (15) 2000-2003
48%
283 Jimmy Floyd Hasselbaink FW 219 93 (39) 2000-2007
48%
435 João Moutinho MF 175 5 (18) 2018-2023
48%
493 Jóhann Berg Guðmundsson MF, FW 162 10 (21) 2016-2021, 2023-2024
48%
446 Lewis Cook DF, MF, FW 172 1 (11) 2016-2019, 2022-2025
48%
418 Manuel Lanzini MF, FW 179 27 (17) 2015-2023
48%
88 Marc Albrighton DF, MF, FW 310 20 (44) 2009-2023
48%
535 Maya Yoshida DF 154 6 (2) 2012-2020
48%
217 Mikaël Silvestre DF 244 9 (19) 2000-2010
48%
759 Moisés Caicedo DF, MF 118 4 (7) 2021-2025
48%
657 Ole Gunnar Solskjær FW 133 43 (21) 2000-2003, 2005-2007
48%
617 Paulo Ferreira DF 141 0 (4) 2004-2013
48%
836 Rafael DF, MF 109 5 (10) 2008-2015
48%
511 Ramires MF 159 17 (8) 2010-2016
48%
806 Ricardo Pereira DF, FW 112 7 (13) 2018-2022, 2024-2025
48%
428 Rúben Neves MF 177 21 (9) 2018-2023
48%
679 Santi Cazorla MF 129 25 (34) 2012-2017
48%
895 Shkodran Mustafi DF 102 7 (4) 2016-2021
48%
478 Stéphane Sessègnon MF, FW 166 25 (21) 2010-2016
48%
417 Steve Cook DF, MF 180 10 (2) 2015-2019, 2022-2023
48%
572 Timothy Castagne DF 149 6 (10) 2020-2025
48%
374 Yves Bissouma DF, MF 191 5 (2) 2018-2025
48%
19 Aaron Lennon MF, FW 416 36 (50) 2003-2004, 2005-2019, 2021-2022
43%
673 Aleksandar Mitrović FW 129 38 (11) 2015-2016, 2017-2018, 2020-2021, 2022-2024
43%
774 Andy Reid MF 115 7 (14) 2004-2011
43%
674 Bobby Reid DF, MF, FW 129 20 (7) 2018-2019, 2020-2021, 2022-2024
43%
660 Callum Hudson-Odoi DF, MF, FW 132 17 (14) 2017-2021, 2023-2025
43%
501 Carlo Cudicini GK 160 0 (0) 2000-2011
43%
517 Claus Jensen MF 157 20 (22) 2000-2007
43%
663 Emmanuel Eboué DF, MF 132 4 (14) 2004-2011
43%
559 Harry Winks MF 150 2 (5) 2016-2021, 2024-2025
43%
609 Henrik Pedersen FW 143 22 (6) 2001-2007
43%
904 Jannik Vestergaard DF 100 4 (0) 2018-2021, 2024-2025
43%
615 Joël Veltman DF 141 4 (4) 2020-2025
43%
510 Joe Willock MF, FW 159 15 (9) 2017-2025
43%
621 Kepa Arrizabalaga GK 140 0 (0) 2018-2022, 2024-2025
43%
555 Kevin Mirallas MF, FW 151 29 (21) 2012-2018
43%
27 Kevin Nolan MF 401 69 (26) 2001-2008, 2010-2011, 2012-2016
43%
398 Lauren DF 184 7 (8) 2000-2008
43%
823 Leon Bailey DF, MF, FW 110 16 (17) 2021-2025
43%
173 Lewis Dunk DF 266 16 (6) 2017-2025
43%
769 Marc Cucurella DF, MF, FW 116 6 (6) 2021-2025
43%
664 Marc Guéhi DF 132 6 (4) 2021-2025
43%
598 Mario Lemina DF, MF 145 8 (7) 2017-2018, 2020-2021, 2022-2025
43%
231 Mark Viduka FW 240 92 (28) 2000-2009
43%
716 Mathias Jensen MF 124 8 (12) 2021-2025
43%
483 Max Kilman DF 165 3 (2) 2018-2025
43%
186 Morten Gamst Pedersen MF, FW 260 34 (39) 2004-2012
43%
484 Nélson Semedo DF, MF 165 1 (8) 2020-2025
43%
246 Nicky Butt DF, MF 233 13 (9) 2000-2009
43%
857 Paolo Di Canio FW 106 32 (28) 2000-2004
43%
44 Richard Dunne DF 374 11 (5) 2000-2001, 2002-2011, 2014-2015
43%
183 Ryan Bertrand DF, MF 262 7 (15) 2010-2022
43%
240 Steve Finnan DF 236 1 (14) 2001-2007, 2009-2010
43%
371 Steven Reid DF, MF 192 8 (14) 2003-2015
43%
25 Stewart Downing MF, FW 408 37 (59) 2001-2014, 2016-2017
43%
772 Tom Heaton GK 116 0 (0) 2014-2015, 2016-2020
43%
479 Winston Reid DF 166 6 (2) 2010-2011, 2012-2018
43%
680 Xherdan Shaqiri MF, FW 129 22 (20) 2015-2021
43%
634 Yoane Wissa MF, FW 137 45 (11) 2021-2025
43%
840 Barry Ferguson MF 108 3 (2) 2003-2004, 2009-2011
38%
410 Calum Chambers DF, MF 181 7 (5) 2013-2024
38%
468 Cédric Soares DF, MF 167 3 (13) 2015-2024
38%
461 Charlie Taylor DF 169 1 (7) 2017-2021, 2023-2025
38%
341 Conor Coady DF 198 7 (1) 2012-2013, 2018-2022, 2024-2025
38%
853 Daniel Amartey DF, MF 106 2 (1) 2015-2018, 2020-2023
38%
324 Danny Rose DF, MF 202 9 (18) 2009-2019, 2021-2022
38%
820 Diomansy Kamara FW 110 17 (3) 2004-2005, 2007-2011
38%
721 Duncan Ferguson FW 123 23 (8) 2000-2006
38%
268 Erik Pieters DF, MF 225 1 (13) 2013-2017, 2019-2022
38%
504 Issa Diop DF 160 7 (2) 2018-2025
38%
456 Jack Harrison MF, FW 170 25 (19) 2020-2025
38%
86 James Morrison MF, FW 311 32 (33) 2003-2006, 2008-2009, 2010-2018
38%
119 James Tomkins DF, MF 289 14 (7) 2007-2010, 2012-2024
38%
497 Jefferson Lerma DF, MF 161 9 (4) 2018-2019, 2022-2025
38%
250 Jermaine Pennant MF 231 14 (40) 2002-2008, 2010-2014
38%
691 Jerzy Dudek GK 127 0 (0) 2001-2007
38%
803 José Bosingwa DF 112 3 (7) 2008-2013
38%
498 José Enrique DF 161 2 (11) 2007-2008, 2010-2015
38%
815 Josh Brownhill MF 111 6 (6) 2019-2021, 2023-2024
38%
52 Leon Osman MF 352 44 (27) 2002-2016
38%
491 Maik Taylor GK 163 0 (0) 2001-2005, 2007-2008, 2009-2010
38%
683 Mamadou Sakho DF 128 3 (2) 2013-2021
38%
849 Martin Taylor DF 107 4 (0) 2001-2005, 2007-2008
38%
420 Matt Doherty DF, MF 179 14 (15) 2011-2012, 2018-2025
38%
71 Matthew Taylor DF, MF 325 40 (24) 2003-2010, 2012-2015
38%
400 Matt Ritchie DF, MF, FW 184 12 (24) 2009-2010, 2015-2016, 2017-2024
38%
733 Milan Baroš FW 122 28 (11) 2002-2008
38%
536 Morgan Gibbs-White MF, FW 154 18 (27) 2018-2025
38%
334 Morgan Schneiderlin MF 200 13 (3) 2012-2020
38%
506 Neal Maupay MF, FW 160 33 (10) 2019-2024
38%
677 Papa Bouba Diop DF, MF 129 7 (5) 2004-2010
38%
547 Philip Billing MF, FW 152 12 (4) 2017-2019, 2022-2025
38%
743 Rickie Lambert FW 120 31 (18) 2012-2017
38%
874 Rodrigo MF, FW 105 27 (5) 2010-2011, 2020-2023
38%
807 Rui Patrício GK 112 0 (0) 2018-2021
38%
524 Salomon Kalou MF, FW 156 36 (23) 2006-2012
38%
452 Sean Longstaff MF 171 10 (9) 2018-2025
38%
790 Shinji Okazaki MF, FW 114 14 (4) 2015-2019
38%
293 Steven Pienaar MF 214 21 (32) 2007-2017
38%
226 Tom Huddlestone MF 242 12 (24) 2005-2014, 2016-2017
38%
644 Vitaly Janelt DF, MF 136 9 (7) 2021-2025
38%
200 Yakubu Aiyegbeni FW 252 96 (26) 2003-2012
38%
819 Andrew Taylor DF, MF 110 0 (1) 2005-2008, 2013-2014
33%
736 Aymeric Laporte DF 121 8 (3) 2017-2024
33%
413 Boudewijn Zenden DF, FW 180 19 (16) 2001-2006, 2009-2011
33%
602 Claude Makélélé MF 144 2 (4) 2003-2008
33%
831 Dale Stephens MF 109 1 (5) 2017-2022
33%
650 Dušan Tadić MF, FW 134 21 (28) 2014-2018
33%
597 Eddie Nketiah MF, FW 145 22 (7) 2017-2025
33%
737 Emi Buendía MF, FW 121 10 (15) 2019-2020, 2021-2022, 2024-2025
33%
414 Étienne Capoue MF 180 10 (8) 2013-2020
33%
813 Fabio Borini DF, MF, FW 111 16 (5) 2009-2010, 2012-2017
33%
845 Hwang Hee-chan MF, FW 107 22 (5) 2021-2025
33%
521 Jack Stephens DF 156 5 (3) 2016-2022, 2024-2025
33%
713 Jay-Jay Okocha MF 124 14 (11) 2002-2006
33%
135 Jermaine Jenas MF 280 32 (26) 2001-2013
33%
732 Jesús Navas DF, FW 122 4 (23) 2013-2017
33%
423 José Fonte DF 178 7 (3) 2012-2018
33%
487 Kevin Doyle FW 164 37 (15) 2006-2007, 2009-2011, 2014-2015
33%
175 Kieran Richardson DF, MF 265 24 (17) 2002-2003, 2004-2016
33%
543 Leander Dendoncker DF, MF 152 10 (2) 2018-2024
33%
835 Manuel Almunia GK 109 0 (2) 2004-2005, 2006-2011
33%
758 Martin Petrov MF, FW 118 16 (22) 2007-2012
33%
488 Matt Targett DF, MF 164 3 (9) 2014-2025
33%
153 Nathan Redmond MF, FW 276 28 (26) 2013-2014, 2015-2024
33%
591 Neil Taylor DF, MF 146 0 (5) 2011-2016, 2019-2021
33%
880 Nigel de Jong MF 104 1 (2) 2008-2013
33%
899 Oliver Skipp DF, MF 101 1 (0) 2018-2019, 2021-2025
33%
297 Patrick van Aanholt DF 213 20 (15) 2009-2010, 2011-2012, 2014-2021
33%
556 Paul Dummett DF 151 3 (0) 2013-2015, 2017-2021, 2023-2024
33%
669 Philippe Senderos DF 131 6 (2) 2004-2007, 2009-2015
33%
646 Rayan Aït-Nouri DF, MF 135 9 (11) 2020-2025
33%
520 Ruben Loftus-Cheek DF, MF, FW 157 10 (9) 2014-2023
33%
762 Ryan Taylor DF, MF 117 8 (11) 2005-2008, 2010-2012, 2014-2015
33%
363 Steven Taylor DF 194 12 (4) 2003-2008, 2010-2016
33%
395 Stiliyan Petrov MF 185 9 (8) 2006-2012
33%
570 Stuart Armstrong MF, FW 149 16 (11) 2018-2023
33%
859 Sylvain Wiltord MF, FW 106 31 (16) 2000-2004
33%
441 Teddy Sheringham FW 174 54 (20) 2000-2003, 2005-2007
33%
67 Thomas Sørensen GK 327 0 (0) 2000-2006, 2008-2011, 2013-2014
33%
606 Tom Cairney MF, FW 144 8 (6) 2009-2010, 2018-2019, 2020-2021, 2022-2025
33%
485 Troy Deeney FW 165 47 (20) 2015-2019, 2021-2022
33%
752 Vedran Ćorluka DF 119 2 (8) 2007-2012
33%
573 Vicente Guaita GK 149 0 (0) 2018-2023
33%
829 Vitaliy Mykolenko DF 110 4 (2) 2021-2025
33%
908 Vladimír Šmicer MF, FW 100 9 (20) 2000-2005
33%
526 Benoît Assou-Ekotto DF 155 4 (8) 2006-2013
29%
595 Daryl Janmaat DF 145 8 (14) 2014-2020
29%
793 Ethan Pinnock DF 113 8 (1) 2021-2025
29%
869 Francis Coquelin DF, MF 105 0 (1) 2011-2012, 2014-2018
29%
373 Gareth Southgate DF 191 6 (7) 2000-2006
29%
209 Gary Speed MF 247 29 (21) 2000-2008
29%
802 Gus Poyet MF 112 29 (15) 2000-2004
29%
846 Illan Meslier GK 107 0 (0) 2020-2023
29%
434 Jamaal Lascelles DF 175 10 (1) 2015-2016, 2017-2024
29%
73 James McArthur MF 323 23 (23) 2010-2012, 2014-2023
29%
164 Joey Barton MF 269 26 (34) 2002-2008, 2010-2011, 2014-2015, 2016-2017
29%
329 Jonas Olsson DF 201 8 (6) 2008-2009, 2010-2017
29%
359 Kieron Dyer MF 195 20 (22) 2000-2013
29%
160 Lee Bowyer MF 272 36 (24) 2000-2011
29%
406 Luka Milivojević MF 183 28 (6) 2016-2023
29%
805 Malcolm Christie FW 112 24 (3) 2000-2007
29%
346 Martin Olsson DF, MF 197 5 (7) 2007-2011, 2013-2014, 2015-2018
29%
715 Mathew Ryan GK 124 0 (0) 2017-2021
29%
292 Maynor Figueroa DF 214 4 (6) 2007-2015
29%
515 Michael Turner DF 158 8 (0) 2008-2014
29%
437 Nathan Dyer MF, FW 175 18 (13) 2011-2018
29%
451 Robert Snodgrass MF, FW 171 26 (22) 2012-2014, 2016-2017, 2018-2021
29%
825 Romain Saïss DF, MF 110 9 (1) 2018-2022
29%
851 Ryan Babel MF, FW 107 17 (8) 2007-2010, 2018-2019
29%
412 Ryan Fraser DF, MF, FW 181 18 (31) 2016-2022, 2024-2025
29%
107 Shola Ameobi FW 298 43 (20) 2000-2008, 2010-2015
29%
379 Solly March DF, MF, FW 190 14 (18) 2017-2025
29%
727 Steven Caulker DF 123 8 (2) 2011-2016
29%
462 Tyrick Mitchell DF, MF 169 3 (13) 2019-2025
29%
753 Yannick Bolasie MF, FW 119 11 (17) 2013-2018
29%
440 Yohan Cabaye MF 175 26 (14) 2011-2013, 2015-2018
29%
627 Adam Webster DF 138 6 (1) 2019-2025
24%
344 Ahmed Elmohamady DF, MF 197 6 (13) 2010-2014, 2016-2017, 2019-2021
24%
548 Alan Hutton DF 151 3 (6) 2007-2011, 2014-2016
24%
864 Arthur Masuaku DF, MF 105 1 (9) 2016-2022
24%
199 Bobby Zamora FW 252 47 (34) 2003-2004, 2005-2012, 2014-2015
24%
530 Brad Guzan GK 154 0 (1) 2008-2009, 2011-2017
24%
236 Brede Hangeland DF 238 10 (3) 2007-2016
24%
132 Charles N'Zogbia DF, FW 281 28 (36) 2004-2012, 2014-2016
24%
811 Charlie Austin FW 111 34 (9) 2014-2018, 2020-2021
24%
901 Colin Cooper DF 100 4 (0) 2000-2006
24%
730 Emerson Palmieri DF, MF 122 4 (4) 2017-2025
24%
291 Gary O'Neil MF 214 16 (16) 2003-2008, 2010-2011, 2012-2013, 2015-2016
24%
150 Glenn Whelan MF 277 4 (12) 2008-2017
24%
98 Jack Cork DF, MF 304 9 (9) 2009-2010, 2012-2021, 2023-2024
24%
699 Javier Manquillo DF 126 2 (7) 2014-2015, 2016-2023
24%
722 John Carew FW 123 38 (10) 2006-2011
24%
723 John Ruddy GK 123 0 (0) 2005-2006, 2011-2013, 2015-2016, 2018-2019, 2020-2022
24%
532 Jonás Gutiérrez MF 154 7 (11) 2008-2009, 2010-2015
24%
394 Jonathan Woodgate DF 185 4 (3) 2000-2003, 2006-2009, 2011-2012
24%
261 Joseph Yobo DF 228 8 (2) 2002-2009, 2013-2014
24%
191 Luís Boa Morte MF, FW 257 28 (34) 2001-2011
24%
879 Marcel Desailly DF, MF 104 5 (3) 2000-2004
24%
140 Mario Melchiot DF 279 6 (10) 2000-2005, 2007-2010
24%
632 Mason Holgate DF 137 3 (5) 2016-2025
24%
162 Matt Upson DF 271 9 (4) 2000-2012, 2014-2015
24%
892 Michel Vorm GK 102 0 (0) 2011-2019
24%
717 Nacer Chadli MF, FW 124 21 (14) 2013-2018
24%
694 Nicky Hunt DF 127 1 (6) 2003-2008
24%
312 Nigel Reo-Coker MF 205 10 (8) 2005-2012
24%
788 Nikica Jelavić FW 114 30 (7) 2011-2016
24%
537 Niko Kranjčar MF 154 20 (15) 2006-2011, 2014-2015
24%
220 Nolberto Solano MF 243 40 (42) 2000-2008
24%
249 Olof Mellberg DF, MF 232 8 (4) 2001-2008
24%
760 Patrik Berger MF 118 13 (21) 2000-2008
24%
826 Saïd Benrahma MF, FW 110 15 (16) 2020-2024
24%
796 Serge Aurier DF, MF 113 6 (14) 2017-2020, 2022-2024
24%
751 Shane Duffy DF 119 7 (2) 2011-2012, 2017-2019, 2021-2023
24%
605 Stéphane Henchoz DF 144 0 (1) 2000-2003, 2005-2007
24%
611 Stephen Hunt MF, FW 143 21 (16) 2006-2007, 2009-2012
24%
212 Stephen Ireland MF 246 19 (28) 2005-2015, 2017-2018
24%
299 Stephen Warnock DF 212 8 (16) 2004-2012
24%
582 Tal Ben Haim DF 148 1 (1) 2004-2010, 2012-2013
24%
881 Tariq Lamptey DF, MF, FW 104 3 (9) 2019-2025
24%
781 Wilfried Bony FW 115 35 (10) 2013-2018
24%
702 Willy Boly DF 126 7 (4) 2018-2025
24%
589 Wilson Palacios MF 147 1 (2) 2007-2014
24%
348 Younès Kaboul DF 197 12 (5) 2007-2018
24%
830 Ainsley Maitland-Niles DF, MF 109 1 (3) 2014-2015, 2016-2023
19%
810 Allan Saint-Maximin MF, FW 111 12 (18) 2019-2023
19%
600 Andrew Surman MF 144 6 (9) 2009-2010, 2011-2012, 2015-2020
19%
216 Andy O'Brien DF 244 7 (2) 2000-2011
19%
601 Anthony Gardner DF 144 2 (0) 2000-2010
19%
681 Artur Boruc GK 128 0 (1) 2012-2013, 2015-2016, 2018-2019
19%
163 Chris Brunt DF, MF 269 25 (48) 2008-2009, 2010-2018
19%
381 Chris Kirkland GK 189 0 (2) 2000-2011
19%
637 Conor Gallagher MF 136 18 (13) 2020-2024
19%
184 Craig Gardner MF 260 31 (14) 2005-2017
19%
205 Darius Vassell MF, FW 248 52 (19) 2000-2009
19%
756 Darren Anderton MF 118 9 (19) 2000-2005
19%
396 David Bentley MF 184 17 (24) 2003-2011
19%
746 David Thompson MF 119 10 (12) 2000-2001, 2002-2007
19%
868 Dion Dublin DF, FW 105 25 (10) 2000-2004
19%
577 Glenn Murray FW 148 37 (6) 2013-2015, 2017-2020
19%
747 Graeme Le Saux DF 119 4 (17) 2000-2005
19%
712 Harrison Reed MF 124 3 (8) 2013-2016, 2020-2021, 2022-2025
19%
698 Henri Camara FW 126 31 (8) 2003-2009
19%
350 Jake Livermore MF 196 7 (8) 2009-2010, 2011-2014, 2016-2017, 2020-2021
19%
157 James Beattie FW 274 86 (30) 2000-2006, 2008-2011
19%
513 James McClean DF, MF, FW 158 11 (9) 2011-2012, 2015-2018
19%
585 Jeff Hendrick MF, FW 147 12 (6) 2016-2022
19%
528 Jerome Thomas MF, FW 155 11 (12) 2003-2006, 2008-2009, 2010-2015
19%
876 Jesper Grønkjær MF, FW 104 7 (11) 2000-2005
19%
834 Joey O'Brien DF, MF 109 2 (7) 2004-2005, 2007-2008, 2012-2015
19%
724 Jonathan Fortune DF 123 5 (0) 2001-2007
19%
245 Jonathan Walters MF, FW 233 43 (19) 2002-2003, 2010-2018
19%
499 Junior Hoilett MF, FW 161 16 (8) 2009-2012, 2014-2015, 2018-2019
19%
139 Lucas Neill DF 279 6 (15) 2001-2010
19%
630 Luke Moore FW 138 20 (4) 2004-2008, 2011-2013
19%
887 Marouane Chamakh FW 103 15 (6) 2010-2016
19%
252 Matthew Lowton DF 231 4 (15) 2012-2014, 2016-2022
19%
587 Nigel Martyn GK 147 0 (1) 2000-2001, 2003-2006
19%
894 Patrick Bamford MF, FW 102 24 (11) 2015-2016, 2020-2023
19%
278 Paul Scharner DF, MF 221 21 (12) 2005-2013
19%
678 Peter Odemwingie FW 129 36 (13) 2010-2016
19%
102 Phil Bardsley DF 303 7 (5) 2005-2021
19%
563 Ray Parlour MF 150 4 (1) 2000-2006
19%
202 Ricardo Gardner DF, MF 251 10 (11) 2001-2012
19%
224 Robbie Savage MF 242 16 (18) 2000-2008
19%
228 Scott Dann DF 241 16 (11) 2009-2011, 2013-2021
19%
64 Steed Malbranque MF 336 39 (55) 2001-2011
19%
571 Thomas Gravesen MF 149 11 (25) 2000-2004, 2007-2008
19%
113 Titus Bramble DF 292 10 (3) 2000-2013
19%
176 Tony Hibbert DF 265 0 (8) 2000-2016
19%
907 Tosin Adarabioyo DF 100 4 (1) 2020-2021, 2022-2025
19%
110 Wayne Routledge MF, FW 297 16 (29) 2004-2008, 2010-2018
19%
688 Anders Svensson MF 127 10 (10) 2001-2005
14%
791 Andreas Weimann MF, FW 113 17 (8) 2010-2015
14%
607 Antti Niemi GK 143 0 (0) 2002-2008
14%
123 Ashley Westwood MF 286 12 (31) 2012-2022
14%
594 Ben Watson MF 145 12 (2) 2004-2005, 2008-2012, 2015-2018
14%
208 Brett Emerton DF, MF 247 13 (30) 2003-2012
14%
300 Cameron Jerome FW 211 33 (17) 2007-2008, 2009-2013, 2015-2016
14%
755 Celestine Babayaro DF, MF 118 2 (11) 2000-2007
14%
628 Cheick Tioté MF 138 1 (6) 2010-2016
14%
449 Christopher Samba DF 171 16 (6) 2006-2013
14%
502 Claudio Yacob MF 160 1 (1) 2012-2018
14%
404 Craig Cathcart DF 183 5 (2) 2010-2011, 2015-2019, 2021-2022
14%
383 Dan Gosling DF, MF 188 18 (4) 2008-2013, 2015-2019, 2021-2022
14%
481 Danny Mills DF 165 3 (8) 2000-2008
14%
832 DeAndre Yedlin DF, MF 109 2 (5) 2014-2015, 2017-2021
14%
596 Dwight Gayle MF, FW 145 26 (7) 2013-2015, 2017-2018, 2019-2022
14%
274 Emmerson Boyce DF 221 11 (4) 2004-2005, 2006-2013
14%
731 Franco Di Santo MF, FW 122 14 (7) 2008-2013
14%
639 Frédéric Kanouté FW 136 41 (15) 2000-2006
14%
97 George Boateng MF 304 10 (12) 2000-2010
14%
690 Gerard Deulofeu MF, FW 127 20 (21) 2013-2014, 2015-2020
14%
584 Geremi DF, MF 147 13 (23) 2002-2009
14%
142 Hermann Hreiðarsson DF 278 11 (15) 2000-2001, 2003-2010
14%
531 Hugo Rodallega FW 154 29 (12) 2008-2014
14%
625 Ian Harte DF 139 16 (20) 2000-2003, 2007-2008, 2012-2013
14%
814 Ian Pearce DF 111 6 (1) 2000-2008
14%
445 Iván Campo DF, MF 172 13 (7) 2002-2008
14%
377 Jack Colback DF, MF 190 9 (10) 2009-2015, 2022-2023
14%
470 Jack Rodwell DF, MF 167 10 (4) 2007-2016, 2019-2020
14%
314 Jason Puncheon MF 204 24 (17) 2010-2019
14%
738 Johan Elmander FW 121 19 (13) 2008-2010, 2013-2014
14%
676 John Heitinga DF, MF 129 3 (4) 2009-2014
14%
214 Jonathan Greening MF 245 9 (22) 2000-2005, 2008-2011
14%
95 Kevin Kilbane DF, MF 305 14 (17) 2000-2010
14%
161 Lee Cattermole MF 271 6 (8) 2005-2017
14%
890 Mark Fish DF, FW 102 3 (2) 2000-2005
14%
891 Mathias Jørgensen DF 102 5 (3) 2017-2018, 2021-2024
14%
311 Matthew Jarvis MF 205 20 (17) 2009-2016
14%
325 Matt Holland MF 202 17 (12) 2000-2001, 2003-2007
14%
234 Mohamed Diamé MF 239 18 (5) 2009-2014, 2017-2019
14%
787 Muzzy Izzet MF 114 14 (17) 2000-2001, 2003-2006
14%
780 Olivier Bernard DF 115 6 (6) 2001-2005
14%
562 Pascal Chimbonda DF 150 6 (13) 2005-2011
14%
507 Robbie Brady DF, MF, FW 160 10 (13) 2013-2021
14%
658 Saido Berahino MF, FW 133 23 (3) 2013-2018
14%
906 Salif Diao MF 100 2 (3) 2002-2005, 2008-2012
14%
827 Sandro MF 110 4 (2) 2010-2016
14%
750 Scott Sinclair MF, FW 119 13 (4) 2006-2009, 2011-2016
14%
429 Sébastien Bassong DF 177 6 (2) 2008-2013, 2015-2016
14%
360 Steven Nzonzi MF 195 11 (8) 2009-2015
14%
335 Steve Sidwell MF 200 21 (14) 2006-2016
14%
525 Steve Watson DF, MF 156 15 (10) 2000-2006
14%
765 Thomas Hitzlsperger MF 117 10 (17) 2000-2004, 2010-2011, 2012-2013
14%
443 Trevor Sinclair MF 173 21 (16) 2000-2007
14%
247 Tugay Kerimoğlu MF 233 11 (14) 2001-2009
14%
696 Tuncay Şanlı MF, FW 127 20 (10) 2007-2012
14%
448 Zoltán Gera MF 172 17 (12) 2004-2005, 2008-2014
14%
706 Aaron Mokoena DF, MF 124 0 (2) 2004-2010
10%
463 Adrian Mariappa DF 168 2 (1) 2006-2007, 2012-2020
10%
896 Alexander Tettey DF, MF 101 4 (1) 2012-2013, 2015-2016, 2019-2020
10%
645 Andy Todd DF 135 6 (2) 2000-2008
10%
775 Ben Godfrey DF 115 0 (3) 2019-2025
10%
744 Benjani FW 119 26 (8) 2005-2011
10%
754 Boaz Myhill GK 118 0 (0) 2008-2010, 2012-2015, 2017-2018
10%
776 Carlos Bocanegra DF 115 8 (0) 2003-2008
10%
675 Charlie Daniels DF, MF 129 9 (11) 2015-2020
10%
508 Chris Perry DF 159 5 (0) 2000-2006
10%
486 Chris Powell DF 164 1 (6) 2000-2003, 2005-2007
10%
798 Christian Dailly DF 112 0 (3) 2000-2002, 2005-2007
10%
841 Christian Kabasele DF 108 4 (2) 2016-2019, 2021-2022
10%
865 Claudio Reyna MF 105 7 (4) 2001-2007
10%
454 Claus Lundekvam DF 170 1 (2) 2000-2005
10%
629 Damien Delaney DF 138 3 (6) 2000-2001, 2013-2018
10%
884 Danny Guthrie MF 103 4 (5) 2006-2008, 2010-2013
10%
310 Danny Higginbotham DF 206 9 (5) 2000-2004, 2007-2012
10%
390 David Weir DF 186 7 (6) 2000-2007
10%
844 Davy Pröpper MF 107 2 (7) 2017-2021
10%
244 Dean Whitehead DF, MF 234 7 (11) 2005-2006, 2007-2012, 2017-2018
10%
812 Dickson Etuhu MF 111 4 (3) 2007-2012
10%
565 Dominic Matteo DF, MF 149 2 (4) 2000-2006
10%
782 Eirik Bakke MF 114 6 (5) 2000-2003, 2005-2006
10%
469 Fabrice Muamba MF 167 5 (2) 2007-2012
10%
465 Geoff Cameron DF, MF 168 2 (5) 2012-2018
10%
613 Graham Dorrans MF, FW 142 8 (10) 2008-2009, 2010-2016
10%
450 James McFadden MF, FW 171 20 (11) 2003-2007, 2009-2013
10%
579 Jonatan Johansson FW 148 27 (9) 2000-2006
10%
847 Jonny Castro DF, MF 107 6 (3) 2018-2024
10%
877 Jonny Howson DF, MF 104 8 (6) 2011-2013, 2015-2016
10%
748 Jordon Ibe DF, MF, FW 119 4 (10) 2012-2020
10%
436 Juan Pablo Ángel FW 175 44 (14) 2000-2007
10%
889 Kasey Keller GK 102 0 (1) 2001-2004, 2007-2008
10%
362 Lee Carsley MF 194 13 (11) 2000-2007, 2009-2010
10%
477 Lee Hendrie MF 166 20 (17) 2000-2007
10%
190 Liam Ridgewell DF 257 17 (7) 2003-2007, 2009-2014
10%
540 Lomana LuaLua MF, FW 153 24 (12) 2000-2007
10%
778 Marcus Hahnemann GK 115 0 (0) 2006-2007, 2009-2011
10%
684 Mark Delaney DF 128 1 (4) 2000-2006
10%
786 Marlon Harewood FW 114 27 (6) 2005-2008, 2010-2011
10%
856 Matěj Vydra MF, FW 106 11 (10) 2013-2014, 2016-2017, 2018-2022
10%
130 Matthew Etherington MF 283 21 (35) 2000-2002, 2005-2014
10%
770 Mikael Forssell FW 116 33 (8) 2001-2002, 2003-2005, 2007-2008
10%
654 Paul Dickov FW 134 33 (10) 2000-2001, 2003-2007
10%
422 Radostin Kishishev DF, MF 179 2 (5) 2000-2007
10%
618 Ricardo Fuller FW 141 19 (7) 2004-2005, 2008-2012
10%
858 Roberto Pereyra DF, MF, FW 106 16 (5) 2016-2020
10%
817 Ryan Bennett DF 111 3 (0) 2011-2013, 2015-2016, 2018-2020
10%
343 Ryan Nelsen DF 198 9 (5) 2004-2013
10%
795 Sam Vokes FW 113 17 (4) 2009-2011, 2014-2015, 2016-2019
10%
837 Shaka Hislop GK 109 0 (0) 2000-2001, 2003-2006
10%
726 Shaun Bartlett FW 123 25 (6) 2000-2006
10%
643 Simon Francis DF 136 0 (8) 2015-2020
10%
838 Steve Harper GK 109 0 (0) 2000-2001, 2004-2005, 2006-2008, 2010-2011, 2012-2015
10%
771 Steven Naismith MF, FW 116 20 (5) 2012-2016
10%
365 Tomasz Radzinski FW 194 35 (21) 2001-2007
10%
882 Ulises de la Cruz DF 104 2 (9) 2002-2008
10%
861 Vurnon Anita DF, MF 106 2 (5) 2012-2016
10%
490 Youssouf Mulumbu MF 164 11 (9) 2008-2009, 2010-2016
10%
129 Zat Knight DF 284 7 (2) 2001-2012
10%
473 Abdoulaye Faye DF, MF 166 10 (1) 2005-2010, 2013-2014
5%
655 Alain Goma DF 133 1 (2) 2000-2006
5%
385 Alan Stubbs DF 187 7 (0) 2001-2008
5%
883 Alessandro Pistone DF 103 1 (2) 2000-2006
5%
809 Ali Al-Habsi GK 111 0 (1) 2007-2008, 2010-2013
5%
687 Amdy Faye DF, MF 127 1 (2) 2003-2006, 2008-2009
5%
649 Andy Griffin DF 134 1 (1) 2000-2005, 2007-2009
5%
718 Andy Wilkinson DF 123 0 (1) 2008-2014
5%
460 Àngel Rangel DF 169 4 (4) 2011-2018
5%
549 Antoine Sibierski MF, FW 151 18 (8) 2003-2009
5%
719 Ben Thatcher DF 123 1 (4) 2000-2007
5%
575 Brian McBride FW 148 36 (9) 2002-2008
5%
576 Bruno N'Gotty DF 148 5 (3) 2001-2006
5%
709 Carlos Cuéllar DF 124 3 (4) 2008-2014
5%
539 Chris Baird DF, MF 153 4 (2) 2002-2003, 2007-2012, 2014-2015
5%
475 Chris Riggott DF 166 8 (4) 2000-2009
5%
741 Connor Wickham MF, FW 120 19 (7) 2011-2016, 2018-2020
5%
638 Danny Gabbidon DF 136 1 (1) 2005-2007, 2009-2011, 2013-2014
5%
711 Danny Graham FW 124 18 (5) 2004-2006, 2011-2016
5%
885 David Meyler MF 103 4 (3) 2009-2014, 2016-2017
5%
355 Dean Kiely GK 195 0 (2) 2000-2005, 2008-2009
5%
703 Dejan Stefanović DF 125 3 (0) 2003-2008
5%
768 Emanuel Pogatetz DF 116 4 (6) 2005-2008, 2012-2013
5%
328 Franck Queudrue DF 201 12 (19) 2001-2007, 2009-2010
5%
319 Gareth McAuley DF 203 15 (3) 2011-2018
5%
903 Gary Caldwell DF, MF 100 6 (2) 2009-2013
5%
651 Gary Naysmith DF, MF 134 6 (12) 2000-2007
5%
172 Gavin McCann MF 266 8 (8) 2000-2010
5%
368 George McCartney DF 193 1 (8) 2000-2002, 2005-2009, 2012-2014
5%
822 Graham Stuart MF, FW 110 11 (12) 2000-2005
5%
697 Grétar Steinsson DF 126 4 (8) 2007-2012
5%
552 Hayden Mullins MF 151 3 (0) 2005-2010
5%
553 Jamie Clapham DF 151 5 (7) 2000-2006
5%
509 Jason Euell MF, FW 159 34 (11) 2001-2006, 2010-2011
5%
251 Jlloyd Samuel DF, MF 231 2 (11) 2000-2010
5%
714 Jonathan Spector DF, MF 124 1 (1) 2004-2011
5%
785 José Holebas DF, MF 114 6 (14) 2015-2020
5%
568 Julio Arca DF, MF 149 8 (17) 2000-2002, 2005-2009
5%
603 Junior Stanislas MF, FW 144 25 (14) 2008-2010, 2015-2019, 2022-2023
5%
652 Kenny Cunningham DF 134 0 (2) 2002-2006
5%
804 Kevin Lisbie FW 112 14 (6) 2000-2007
5%
848 Kiko Femenía DF, FW 107 2 (7) 2017-2019, 2021-2022
5%
387 Ki Sung-yueng MF 187 15 (9) 2012-2020
5%
430 Kyle Naughton DF 176 1 (8) 2009-2010, 2011-2018
5%
870 Lee Chung-yong MF, FW 105 8 (9) 2009-2011, 2014-2018
5%
616 Liam Rosenior DF 141 1 (6) 2004-2007, 2013-2014, 2017-2018
5%
871 Mark Pembridge MF 105 3 (11) 2000-2006
5%
700 Matt Oakley MF 126 6 (6) 2000-2004, 2007-2008
5%
653 Mike Williamson DF 134 1 (3) 2010-2015
5%
704 Moritz Volz DF 125 2 (3) 2003-2008
5%
384 Nedum Onuoha DF 188 4 (5) 2004-2012, 2014-2015
5%
431 Nicky Shorey DF, MF 176 4 (21) 2006-2013
5%
516 Paul Telfer DF, MF 158 1 (12) 2000-2005
5%
734 Simon Charlton DF 122 1 (4) 2001-2005
5%
626 Stelios Giannakopoulos MF, FW 139 20 (11) 2003-2009
5%
735 Stephen Clemence MF 122 5 (10) 2000-2006
5%
728 Sun Jihai DF 123 3 (7) 2002-2008
5%
685 Sylvain Legwinski MF 128 8 (5) 2001-2006
5%
764 Szilárd Németh FW 117 23 (8) 2001-2006
5%
686 Ugo Ehiogu DF 128 7 (1) 2000-2006
5%
860 Valon Behrami DF, MF 106 4 (4) 2008-2010, 2015-2017
5%
318 Victor Anichebe FW 204 27 (13) 2005-2017
5%
808 Wes Hoolahan MF 112 12 (19) 2011-2013, 2015-2016
5%
739 Arjan de Zeeuw DF 120 4 (4) 2003-2007
0%
550 David Unsworth DF 151 19 (10) 2000-2004, 2006-2007
0%
866 David Wheater DF 105 7 (4) 2005-2008, 2010-2012
0%
784 Garry Flitcroft MF 114 6 (3) 2001-2006
0%
898 George Boyd MF, FW 101 9 (5) 2013-2014, 2016-2017
0%
757 Isaac Hayden DF, MF 118 4 (6) 2017-2022
0%
842 Jason Dodd DF 108 2 (9) 2000-2005
0%
457 Jody Craddock DF, MF 170 9 (4) 2000-2003, 2009-2012
0%
905 Keith Gillespie MF, FW 100 4 (9) 2001-2003, 2006-2007
0%
569 Leon Britton MF 149 0 (1) 2011-2018
0%
794 Linvoy Primus DF 113 3 (0) 2003-2006, 2008-2009
0%
893 Neil Clement DF 102 7 (1) 2002-2003, 2004-2006
0%
763 Stuart Parnaby DF 117 2 (2) 2002-2007, 2009-2011
0%
No matching quizzes found
Score Distribution
Percent of People with Each Score
Percentile by Number Answered
Your Score History
You have not taken this quiz